| 000 | 02581nam a22003257a 4500 | ||
|---|---|---|---|
| 001 | 00510 | ||
| 003 | DO-SdBPM | ||
| 005 | 20260521093114.0 | ||
| 007 | ta | ||
| 008 | 160609b2000 mx ||| |||| 00| 0 spa d | ||
| 020 | _a9789701026816 | ||
| 040 |
_aDO-SdBPM _bspa _cBPMSU _erda |
||
| 082 | 4 |
_a612.821 _bV152t 2000 _222 |
|
| 100 | 1 |
_aValencia Flores, Matilde _eautora _4aut. |
|
| 245 | 1 | 0 |
_aTrastornos del dormir / _cMatilde valencia flores, Radfael J. Salín Pascual, José rogelio Pérez Padilla |
| 264 |
_aMéxico : _bMcGraw-Hill, _c2000. |
||
| 300 |
_axiii, 389 páginas ; _c26 cm. _b |
||
| 336 |
_atexto _btxt _2rdacontent |
||
| 337 |
_asin mediación _bn _2rdamedia |
||
| 338 |
_avolumen _bnc _2rdeacarrier |
||
| 505 | 0 | _aIntroducción al estudio del sueño -- Neuroanatomía y neurofisiología del sueño -- Neuroquímica del sueño -- Regulación neurohumoral del sueño -- Clasificación de los trastornos del dormir -- Técnicas de diagnóstico: polisomnografía, prueba de latencias múltiples, actigrafía e instrumento de informe subjetivo -- El sueño en pediatría. Síndrome de muerte infantil súbita -- Insomnio -- Funcionamiento cortical cuando la cantidad de sueño no ha sido suficiente -- Trastornos del dormir en trastornos neurológicos -- Sueño y epilepsia -- trastornos de los movimientos específicos del sueño y manifestaciones nocturnas de las enfermedades que presentan alteraciones de los movimientos durante la vigilia -- Parasomnias -- Alteraciones del sueño debido a problemas psiquiátricos -- Tratamiento de las alteraciones del sueño -- Datos epidemiológicos de los trastornos del sueño con énfasis en el apnea y el insomnio -- Síndrome de apnea obstructiva durante el sueño: fisiopatología y datos epidemiológicos -- Alteraciones cardiovasculares relacionadas con alteraciones en la respiración durante el sueño -- Trastornos del dormir en el paciente con obesidad extrema -- respiración durante el sueño en enfermedades pulmonares crónicas -- Ronquidos -- Tratamiento médico del síndrome de apnea obstructiva durante el sueño -- Síndrome de apnea obstructiva durante el sueño, evaluación otorrinolaringologíca -- Dispositivos bucales y tratamiento maxilofacial en el síndrome de apnea obstrutiva durante el sueño. | |
| 590 | _aInventariado, 2026/VM | ||
| 650 | 7 | _aInsomnio | |
| 650 | 7 | _aMente y cuerpo. | |
| 650 | 7 | _aTrastornos del sueño | |
| 700 | 1 |
_aSalín Pascual, Rafael J. _4autor |
|
| 700 | 1 |
_aPérez Padilla, José Rogelio _eautor |
|
| 910 | _aVMateo V. Control de calidad. BPMSU | ||
| 942 |
_2ddc _cBK |
||
| 999 |
_c10327 _d10327 |
||